Dahiler Sınıfı-Nikola Tesla (Record no. 987653)

MARC details
000 -LEADER
sabit uzunluktaki kontrol alanı 00258nam a2200097Ia 4500
001 - KONTROL NUMARASI
kontrol alanı 987653
005 - EN SON İŞLEMİN TARİH VE ZAMANI
kontrol alanı 20250826221123.0
008 - SABİT-UZUNLUKTA VERİ ÖĞELERİ--GENEL BİLGİ
sabit uzunluktaki kontrol alanı 250824s9999 xx 000 0 und d
245 #0 - ESER / YAZAR
ESER ADI Dahiler Sınıfı-Nikola Tesla
Yazar Adı Daniele Aristarco
260 ## - YAYIN, DAĞITIM, VB.
YAYIN EVİ Domingo Yayınevi
Holdings
Düşüm durumu Kayıp durumu Sınıflandırma Kaynağı veya raf şeması Hasar Durumu Ödünç verilmez Ana kütüphane Geçerli Kütüphane Edinilen tarih Toplam ödünç verme sayısı Tam yer numarası Barkod Son görüntüleme tarihi Son ödünç verme tarihi Fiyatın geçerli olmaya başladığı tarih Koha materyal türü
    Dewey Ondalık Sınıflama     SELÇUKLU BELEDİYESİ ORTAOKULU SELÇUKLU BELEDİYESİ ORTAOKULU 24.08.2025 2 Q6 105810411 02.03.2026 09.02.2026 26.08.2025 Books